| 000 | 004930000a22001810004500 | ||
|---|---|---|---|
| 003 | MACL | ||
| 005 | 20151227143510.0 | ||
| 008 | 151227b xxu||||| |||| 00| 0 eng d | ||
| 040 |
_aMACL _cmacl |
||
| 041 | _aEngilsh | ||
| 082 | _a069/SIV | ||
| 100 |
_aSivaramamurti, C _923307 |
||
| 245 | _aDirectory of Museums in India | ||
| 260 |
_bMinistry of Scientific Research and Cultural Affairs _c1959 _aNew Delhi |
||
| 350 | _a7.50 | ||
| 650 |
_aMuseum Science _923308 |
||
| 942 |
_cBK _k069/SIV _2ddc |
||
| 999 |
_c39016 _d39016 |
||